Detalles MARC
| 000 -CABECERA |
| campo de control de longitud fija |
01016nam a2200229 a 4500 |
| 001 - NÚMERO DE CONTROL |
| campo de control |
000046876 |
| 005 - FECHA Y HORA DE LA ÚLTIMA TRANSACCIÓN |
| campo de control |
20260302114738.0 |
| 008 - DATOS DE LONGITUD FIJA--INFORMACIÓN GENERAL |
| campo de control de longitud fija |
180402s2016 dr a 000 p spa d |
| 020 ## - NÚMERO INTERNACIONAL ESTÁNDAR DEL LIBRO |
| Número Internacional Estándar del Libro |
9789945492811 9789945492811(v. 1) |
| 020 ## - NÚMERO INTERNACIONAL ESTÁNDAR DEL LIBRO |
| Número Internacional Estándar del Libro |
9789945903812(v. 2) |
| 040 ## - FUENTE DE LA CATALOGACIÓN |
| Centro catalogador/agencia de origen |
DO-SdBNP |
| Lengua de catalogación |
spa |
| Centro/agencia transcriptor |
BNPHU |
| 082 ## - NÚMERO DE LA CLASIFICACIÓN DECIMAL DEWEY |
| Número de clasificación |
xxxx |
| Número de documento/Ítem |
V465n |
| 245 00 - MENCIÓN DE TÍTULO |
| Título |
Ventanas navegables, I : |
| Resto del título |
62 escritores dominicanos de la diáspora / |
| Mención de responsabilidad, etc. |
presentación de Carlos Sánchez ; compilación de José Acosta. |
| 246 00 - FORMA VARIANTE DE TÍTULO |
| Título propio/Titulo breve |
Ventanas navegables : |
| Resto del título |
sesenta y dos escritores dominicanos de la diáspora |
| 260 ## - PUBLICACIÓN, DISTRIBUCIÓN, ETC. |
| Lugar de publicación, distribución, etc. |
Santo Domingo : New York, N.Y. : |
| Nombre del editor, distribuidor, etc. |
Ministerio de Cultura, Comisionado Dominicano de Cultura en los Estados Unidos, |
| Fecha de publicación, distribución, etc. |
2016. |
| 300 ## - DESCRIPCIÓN FÍSICA |
| Extensión |
2v : |
| Otras características físicas |
il., retrs. ; |
| Dimensiones |
23 cm. |
| 490 1# - MENCIÓN DE SERIE |
| Mención de serie |
Ediciones del Comisionado |
| 505 0# - NOTA DE CONTENIDO CON FORMATO |
| Información miscelánea |
1. |
| Título |
Poesía, cuento, novela -- |
| Información miscelánea |
II. |
| Título |
Ensayo, teatro, literatura infantil -- |
| 590 ## - NOTA LOCAL (RLIN) |
| Nota local |
Inventariado, 2018 /LP |
| 700 1# - PUNTO DE ACCESO ADICIONAL--NOMBRE DE PERSONA |
| Nombre de persona |
Acosta, José, |
| Fechas asociadas al nombre |
1964- |
| Término indicativo de función/relación |
compilación |
| 9 (RLIN) |
24351 |
| 830 #0 - PUNTO DE ACCESO ADICIONAL DE SERIE-TÍTULO UNIFORME |
| Título uniforme |
Ediciones del Comisionado |
| 9 (RLIN) |
72905 |